MARC

LEADER 00000nam0a2200000 4500
001 328075
005 20231102004026.0
035 |a (RuTPU)RU\TPU\book\353765 
090 |a 328075 
100 |a 20170210d1978 km y0rusy50 ca 
101 0 |a rus 
102 |a RU 
105 |a a z 001zy 
200 1 |a Кибернетические методы при создании поршневых машин  |f В. Д. Васильев, Е. Д. Соложенцев 
210 |a Москва  |c Машиностроение  |d 1978 
215 |a 120 с.  |c ил. 
320 |a Библиогр.: с. 117-119 
606 1 |a Двигатели внутреннего сгорания поршневые  |x Рабочий процесс  |2 stltpush  |3 (RuTPU)RU\TPU\subj\4935  |9 33114 
610 1 |a поршневые машины 
610 1 |a кибернетические методы 
610 1 |a оптимизация 
610 1 |a моделирование 
610 1 |a идентификация 
610 1 |a доводка 
610 1 |a проектирование 
610 1 |a компрессоры 
610 1 |a цилиндры 
610 1 |a измерение 
675 |a 621.432  |v 4 
700 1 |a Васильев  |b В. Д.  |g Василий Дмитриевич 
701 1 |a Соложенцев  |b Е. Д.  |g Евгений Дмитриевич 
801 1 |a RU  |b 63413507  |c 20170210 
801 2 |a RU  |b 63413507  |c 20170214  |g RCR 
942 |c BK